Başbakan Ecevit'le sohbet (Record no. 7815)

MARC details
000 -BAŞLIK
Sabit Uzunlukta Kontrol Alanı 00737na a2200229 4500
001 - KONTROL NUMARASI
Denetim Alanı 15928
003 - KONTROL NUMARASI IDENTIFIER
Denetim Alanı MIRAKIL
005 - SON İŞLEM TARİHİ VE ZAMANI
Denetim Alanı 20181213155149.0
008 - SABİT-BOY VERİ ELEMANLARI - GENEL BİLGİLER
Sabit Uzunlukta Kontrol Alanı 161108b tu 000 0
035 ## - SİSTEM KONTROL NUMARASI
Sistem Kontrol Numarası 15928
040 ## - KATALOGLAMA KAYNAK
Orijinal Kataloglama Ajansı Milas
Kataloglama Dili tur
Metne Dönüştürmek Ajansı TR-AnCHP
082 ## - DEWEY ONLU SINIFLANDIRMA NUMARASI
Sınıflandırma Numarası CHP 324.092
Ürün Numarası E13b 1974
090 ## - SINIFLAMA NUMARASI
Sınıflama Numarası CHP 324.092 E13b 1974
245 ## - BAŞLIK TABLOSU
Başlık Başbakan Ecevit'le sohbet
Sorumluluk Tablosu, Vb Abdi ipekçi, kapak düzeni Ozan sadıç
260 ## - YAYIN, DAĞITIM, VB
Yayın, Dağıtım, Vb Yeri Ankara
Yayıncı, Dağıtıcı, Vs Adı Tanıtma Komitesi Yayınları
Yayın, Dağıtım, Vb Tarihi 1974
300 ## - FİZİKSEL TANIM
Kapsam 170 s.
Boyutlar 17 sm.
600 ## - KONU KATMA GİRİŞ - KURUMSAL ADI
Kişisel Ad Ecevit, Bülent
Genel Alt Bölümü Siyasal ve sosyal görüşler
-- Röportajlar
650 ## - KONU KATMA GİRİŞ - TOPİKAL DÖNEM
Topikal Süreli Veya Coğrafi Ad Giriş Elemanı Siyasal partiler
Genel Alt Bölümü Türkiye
-- Söyleşiler
650 ## - KONU KATMA GİRİŞ - TOPİKAL DÖNEM
Topikal Süreli Veya Coğrafi Ad Giriş Elemanı Başbakanlar
Genel Alt Bölümü Röportajlar
651 ## - KONU KATMA GİRİŞ - COĞRAFİ ADI
Coğrafi İsim Türkiye
Genel Alt Bölümü Siyaset ve yönetim
942 ## - EKLENDİ GİRİŞ ELEMANLARI (KOHA)
Sınıflandırma Veya Raf Düzeni Kaynak
Koha Öğesi Türü Books
999 ## - SİSTEM KONTROL NUMARALARI (KOHA)
Koha Biblionumber 7815
Koha Biblioitemnumber 7815
Holdings
Kalıcı Konum Mevcut Konum Edinme Tarihi Edinim Kaynak Toplam Check-Out'Lar Tam Çağrı Numarası Barkod Tarih Son Görülme İtibaren Geçerli Fiyatlar Koha Öğesi Türü Kopya Sayısı
CHP Kütüphanesi CHP Kütüphanesi 09/27/2016 Bağış   CHP 324.092 E13b 1974 004590 09/27/2016 09/27/2016 Books  
CHP Kütüphanesi CHP Kütüphanesi 09/27/2016 Bağış   CHP 324.092 E13b 1974 004591 09/27/2016 09/27/2016 Books k.2
CHP Kütüphanesi CHP Kütüphanesi 09/27/2016 Bağış   CHP 324.092 E13b 1974 004592 09/27/2016 09/27/2016 Books k.3